| 000 | 01780nam0a2200397 4500 | ||
|---|---|---|---|
| 001 | RU\NLR\BIBL_A\022122460 | ||
| 005 | 20260618152030.0 | ||
| 010 |
_a978-5-17-160729-6 _94000 |
||
| 021 |
_aRU _bКН-П-23-077494 _9КН-П-23-7835 |
||
| 035 | _a(NLR Aleph) 022122460 | ||
| 090 |
_a12811406 _c12811406 |
||
| 100 | _a20240201d2023 b y0rusy50 ca | ||
| 101 | 1 |
_arus _cger |
|
| 102 | _aRU | ||
| 105 | _aa z 000ay | ||
| 181 | 0 |
_ai3 _baxxe |
|
| 181 | 0 |
_ab2 _bxb2e |
|
| 182 | 0 | _an | |
| 200 | 1 |
_aСнежная королева _eпо мотивам [сказки] Х. К. Андерсена _eдля детей до 3-х лет _fпер. с нем. А. Ганзен _gхудожник: Эя Мордякова |
|
| 203 |
_aТекст _aИзображение _bвизуальные _cнепосредственные |
||
| 210 |
_aМосква _cАСТ, Книги Вилли Винки _d2023 (макет 2024) |
||
| 215 |
_a15, [1] с. _cцв. ил. _d14 |
||
| 225 | 1 | _aСерия "Любимые книжки-малышки" | |
| 300 | _aОписано по вып. дан. На обл.: Снежная королева / Ханс Кристиан Андерсен | ||
| 333 | _a0+; 6- | ||
| 500 | 1 | 0 |
_6z20702 _aСнежная королева _lПереработки |
| 686 | 0 | _aШ9(4Д)60-4 | |
| 702 | 1 |
_aГанзен _bА. В. _f1869-1942 _gАнна Васильевна _3RU\NLR\AUTH\7760047 _4730 |
|
| 702 | 1 |
_aМордякова _bЭ. _gЭя _4040 |
|
| 702 | 1 |
_6z20500 _aАндерсен _bХ. К. _f1805-1875 _gХанс Кристиан _3RU\NLR\AUTH\772165 _4570 |
|
| 942 | _cBOOK | ||
| 980 | _aNB | ||